00333nam a2200121Ia 4500001001400000002004700014008003700061010001100098650003400109650003400143942001500177999001900192IA_inv.212732TEXTURA DE LOS ALIMENTOS MEDIDO Y PERCEPCIONES220117s xx 000 0 und d a181263 aAlimentos xanálisis 94164 aEvaluación sensorial938915 c664.07 R6Y c181263d181263